000 00589nam a2200253Ia 4500
003 OSt
005 20220912151947.0
006 a|||||r|||| 00| 0
007 ta
008 220909b |||||||| |||| 00| 0 eng d
024 _a63649
037 _cTextual
040 _aCSL
_beng
_cCSL
041 _aeng
082 _aA, J4.2
100 _aSaunders E J
245 0 _aScience and ourselves
260 _c1954
300 _ap.
_ccm.
650 _aScience
700 _a Franklin E R
942 _hA, J4.2
_cTEXL
_2CC
999 _c78152
_d78152